|
|
|
|
| LEADER |
00000nas a2200000 a 4500 |
| 001 |
ssj0000456628 |
| 003 |
WaSeSS |
| 005 |
20200512172242.0 |
| 006 |
m d |
| 007 |
cr n |
| 008 |
100426c20029999bl fr p s 0 0por c |
| 010 |
|
|
|a 2011240103
|
| 016 |
7 |
|
|a 997801859
|2 DE-101
|
| 016 |
7 |
|
|a 2522806-7
|2 DE-600
|
| 022 |
|
|
|a 1677-7387
|l 1677-7387
|
| 024 |
8 |
|
|a eb66518957
|
| 035 |
|
|
|a (WaSeSS)ssj0000456628
|
| 040 |
|
|
|a SHS
|b eng
|c SHS
|d OCLCQ
|d DEBBG
|d IXA
|d OCLCA
|d OCLCQ
|d GWDNB
|d CUS
|d OCLCF
|d OCLCO
|d OCLCQ
|d OCLCA
|d AU@
|d VT2
|d WaSeSS
|
| 041 |
0 |
|
|a por
|a spa
|b eng
|
| 042 |
|
|
|a pcc
|
| 043 |
|
|
|a s-bl---
|
| 050 |
1 |
4 |
|a HD28
|
| 245 |
0 |
0 |
|a Revista eletrônica de ciência administrativa
|h [electronic resource] :
|b RECADM.
|
| 246 |
3 |
|
|a RECADM
|
| 260 |
|
|
|a [Campo Largo, PR] :
|b Faculdade Cenecista de Campo Largo,
|c 2002-
|
| 310 |
|
|
|a Semiannual
|
| 362 |
0 |
|
|a Vol. 1, no. 1 (2002)-
|
| 506 |
|
|
|a License restrictions may limit access.
|
| 546 |
|
|
|a In Portuguese and Spanish; summaries in English, Portuguese and Spanish.
|
| 588 |
|
|
|a Description based on first issue; title from HTML header (publisher's Web site, viewed Mar. 3, 2011).
|
| 588 |
|
|
|a Latest issue consulted: Vol. 9, no. 2 (2010) (viewed Mar. 3, 2011).
|
| 650 |
|
0 |
|a Industrial management
|v Periodicals.
|
| 650 |
|
0 |
|a Industrial management
|z Brazil
|v Periodicals.
|
| 650 |
|
0 |
|a Marketing
|v Periodicals.
|
| 650 |
|
0 |
|a Marketing
|z Brazil
|v Periodicals.
|
| 650 |
|
0 |
|a Technological innovations
|v Periodicals.
|
| 650 |
|
7 |
|a Industrial management.
|2 fast
|0 (OCoLC)fst00971246
|
| 650 |
|
7 |
|a Marketing.
|2 fast
|0 (OCoLC)fst01010167
|
| 650 |
|
7 |
|a Technological innovations.
|2 fast
|0 (OCoLC)fst01145002
|
| 651 |
|
7 |
|a Brazil.
|2 fast
|0 (OCoLC)fst01206830
|
| 655 |
|
0 |
|a Electronic journals.
|
| 710 |
2 |
|
|a Faculdade Cenecista de Campo Largo.
|
| 856 |
4 |
0 |
|z Full text available from Research Library: 07/01/2004 to present
|u https://search.proquest.com/publication/816389
|